[Event "POL-chT4 Kujawsko Pomorskie 0910"]
[Site "Poland"]
[Date "2010.02.21"]
[Round "8.21"]
[White "Wierzbicki, Slawomir"]
[Black "Zawada, Andrzej"]
[Result "1/2-1/2"]
[WhiteElo "2010"]
[BlackElo "1719"]
[PlyCount "76"]
[EventDate "2009.11.08"]
[EventType "team-swiss"]
[EventRounds "11"]
[EventCountry "POL"]
[SourceTitle "EXT 2020"]
[Source "ChessBase"]
[SourceDate "2019.10.17"]
[SourceVersion "1"]
[SourceVersionDate "2019.10.17"]
[SourceQuality "1"]

1. e4 c5 2. Nf3 e6 3. d4 cxd4 4. Nxd4 Nf6 5. Nc3 a6 6. e5 Ng8 7. f4 d6 8. Nf3 Nc6 9. Be3 b5 10. Qd2 Qc7 11. exd6 Qxd6 12. Qf2 Nf6 13. a3 Ng4 14. Qe2 Nxe3 15. Qxe3 Qc5 16. Qxc5 Bxc5 17. Ne4 Be7 18. c3 0-0 19. Be2 Bb7 20. 0-0 Na5 21. Ned2 Rfd8 22. Rad1 Rd6 23. b4 Nc6 24. c4 Nd4 25. Nxd4 Rxd4 26. Nb3 Rdd8 27. Na5 Be4 28. cxb5 axb5 29. Bxb5 Rdc8 30. Rc1 Bf6 31. Rfd1 Rxc1 32. Rxc1 Bb2 33. Re1 Bd5 34. Rb1 Bxa3 35. Nc4 Bxc4 36. Bxc4 Rc8 37. Be2 Rc1+ 38. Rxc1 Bxc1 1/2-1/2

[Event "Bydgoszcz op"]
[Site "Bydgoszcz"]
[Date "2009.10.11"]
[Round "4"]
[White "Zawada, Andrzej"]
[Black "Wierzbicki, Slawomir"]
[Result "0-1"]
[WhiteElo "1731"]
[BlackElo "2020"]
[PlyCount "105"]
[EventDate "2009.10.09"]
[EventType "swiss"]
[EventRounds "5"]
[EventCountry "POL"]
[SourceTitle "CBM 132 Extra"]
[Source "ChessBase"]
[SourceDate "2009.11.03"]
[SourceVersion "1"]
[SourceVersionDate "2009.11.03"]
[SourceQuality "1"]

1. e4 c5 2. b3 Nc6 3. Bb2 e5 4. Nf3 d6 5. Be2 Nf6 6. d3 Be7 7. Nbd2 0-0 8. c3 d5 9. exd5 Nxd5 10. c4 Nf4 11. 0-0 f6 12. Ne4 Nb4 13. Qd2 Nxe2+ 14. Qxe2 Qxd3 15. Qxd3 Nxd3 16. Bc3 Bf5 17. Ng3 Bg4 18. Ne1 Rfd8 19. Nc2 Rd7 20. Ne3 Be6 21. Ngf5 Bf8 22. Rfd1 Rad8 23. Ng3 b6 24. Rd2 g6 25. Nd5 Bxd5 26. Rxd3 Bc6 27. Re3 Bh6 28. Re2 Rd3 29. Bb2 Kf7 30. h3 Bf4 31. Nf1 e4 32. Bc1 Rd1 33. Bb2 Rxa1 34. Bxa1 Rd1 35. Bc3 Rd3 36. Bd2 Be5 37. Be3 f5 38. Rd2 Rxd2 39. Bxd2 f4 40. Bc1 Ke6 41. Nh2 h5 42. Nf1 g5 43. g3 Kf5 44. gxf4 gxf4 45. Ne3+ fxe3 46. fxe3 Bc3 47. Kg2 Kg5 48. Kg3 Bd7 49. a3 Be1+ 50. Kh2 Kh4 51. Bb2 Bg3+ 52. Kg2 Bxh3+ 53. Kg1 0-1

[Event "Wloclawek Portofino Cup"]
[Site "Wloclawek"]
[Date "2009.09.26"]
[Round "7"]
[White "Kulinski, Krzysztof"]
[Black "Wierzbicki, Slawomir"]
[Result "1-0"]
[WhiteElo "2099"]
[BlackElo "2020"]
[PlyCount "103"]
[EventDate "2009.09.24"]
[EventType "swiss"]
[EventRounds "9"]
[EventCountry "POL"]
[SourceTitle "EXT 2018"]
[Source "ChessBase"]
[SourceDate "2017.10.13"]
[SourceVersion "1"]
[SourceVersionDate "2017.10.13"]
[SourceQuality "1"]

1. d4 Nf6 2. c4 c5 3. d5 b5 4. f3 bxc4 5. e4 d6 6. Bxc4 g6 7. Ne2 Bg7 8. 0-0 0-0 9. Nbc3 Nbd7 10. a4 Ne5 11. Bd3 Nxd3 12. Qxd3 Nd7 13. f4 a5 14. Nb5 Qb6 15. Qc4 Ba6 16. Nec3 Rfb8 17. Be3 Qb7 18. e5 dxe5 19. f5 Bxb5 20. axb5 e4 21. fxg6 hxg6 22. Qxe4 Nf6 23. Qc4 Nd7 24. Qf4 Rf8 25. Rf3 Nf6 26. Rd1 Rfd8 27. Bxc5 Rac8 28. Bd4 Rxc3 29. Bxc3 Qxb5 30. d6 Qc5+ 31. Kh1 g5 32. Qe5 Qxe5 33. Bxe5 Ng4 34. Bxg7 Kxg7 35. h3 Ne5 36. Ra3 exd6 37. Rxa5 Kf6 38. Rad5 Ke6 39. b4 f6 40. b5 Nc4 41. R5d4 Nb6 42. Re1+ Kf5 43. g4+ Kg6 44. Rc1 d5 45. Rc6 Rb8 46. Kg2 Nc4 47. Rc5 Rb6 48. Kf3 Kf7 49. Rdxd5 Ne5+ 50. Ke4 Ke6 51. Rxe5+ fxe5 52. Rc6+ 1-0

[Event "Bydgoszcz Fordonski op 3rd"]
[Site "Bydgoszcz"]
[Date "2007.12.29"]
[Round "2.6"]
[White "Bokiej, Przemyslaw"]
[Black "Wierzbicki, Slawomir"]
[Result "1-0"]
[WhiteElo "2063"]
[BlackElo "1987"]
[PlyCount "92"]
[EventDate "2007.12.28"]
[EventType "swiss"]
[EventRounds "5"]
[EventCountry "POL"]
[SourceTitle "EXT 2023"]
[Source "ChessBase"]
[SourceDate "2022.10.05"]
[SourceVersion "1"]
[SourceVersionDate "2022.10.05"]
[SourceQuality "1"]

1. e4 c5 2. Nf3 d6 3. d4 cxd4 4. Qxd4 a6 5. c4 Nc6 6. Qd2 g6 7. b3 Bg7 8. Nc3 Nf6 9. Bb2 0-0 10. Be2 Bd7 11. 0-0 Re8 12. Rad1 Bg4 13. h3 Bxf3 14. Bxf3 Ne5 15. Be2 Qa5 16. f4 Nc6 17. Kh1 Rac8 18. a3 Nh5 19. Bxh5 Qxh5 20. Nd5 Qh6 21. Bxg7 Kxg7 22. Qb2+ f6 23. b4 Qh4 24. Kh2 Qh5 25. Rfe1 g5 26. g4 Qg6 27. Rc1 gxf4 28. Nxf4 Qh6 29. g5 Qh4 30. gxf6+ exf6 31. Rg1+ Kf7 32. Rcf1 Rg8 33. Nd5 Rxg1 34. Qxf6+ Qxf6 35. Rxf6+ Kg7 36. Kxg1 Ne5 37. Rxd6 Rxc4 38. Rb6 Rxe4 39. Rxb7+ Kg6 40. Rb6+ Kg5 41. Rxa6 Rd4 42. Nc3 Rd3 43. Ra5 Kf4 44. Ne2+ Ke4 45. Kf2 Rd2 46. Ra8 Ra2 1-0

[Event "POL-chT3 0607"]
[Site "Poland"]
[Date "2007.02.18"]
[Round "8.29"]
[White "Wierzbicki, Slawomir"]
[Black "Gawlowski, Robert"]
[Result "1-0"]
[WhiteElo "1978"]
[BlackElo "1999"]
[PlyCount "59"]
[EventDate "2006.11.12"]
[EventType "team"]
[EventRounds "11"]
[EventCountry "POL"]
[SourceTitle "EXT 2009"]
[Source "ChessBase"]
[SourceDate "2008.11.26"]
[SourceVersion "1"]
[SourceVersionDate "2008.11.26"]
[SourceQuality "1"]

1. e4 c6 2. d4 d5 3. e5 c5 4. c3 Nc6 5. Bb5 Bf5 6. dxc5 e6 7. b4 Qc7 8. f4 Nge7 9. Nf3 0-0-0 10. Be3 Bg4 11. Bd4 g5 12. h3 Bxf3 13. Qxf3 gxf4 14. Bxc6 Nxc6 15. Qxf4 Bg7 16. 0-0 Bxe5 17. Bxe5 Qxe5 18. Na3 a6 19. Qxe5 Nxe5 20. Rae1 Nc4 21. Nxc4 dxc4 22. Rxf7 Rd3 23. Rxe6 Rxc3 24. Ree7 Rc1+ 25. Kh2 c3 26. Rc7+ Kb8 27. Rxb7+ Kc8 28. Ra7 Kb8 29. Rfb7+ Kc8 30. c6 1-0

[Event "POL-chT3 0607"]
[Site "Poland"]
[Date "2007.01.14"]
[Round "5.5"]
[White "Wierzbicki, Slawomir"]
[Black "Grodzicki, Tomasz"]
[Result "0-1"]
[WhiteElo "1978"]
[BlackElo "1800"]
[PlyCount "82"]
[EventDate "2006.11.12"]
[EventType "team"]
[EventRounds "11"]
[EventCountry "POL"]
[SourceTitle "EXT 2009"]
[Source "ChessBase"]
[SourceDate "2008.11.26"]
[SourceVersion "1"]
[SourceVersionDate "2008.11.26"]
[SourceQuality "1"]

1. e4 e5 2. Nf3 Nc6 3. Bb5 d6 4. d4 Bg4 5. dxe5 dxe5 6. Bxc6+ bxc6 7. 0-0 Qxd1 8. Rxd1 Bxf3 9. gxf3 Bd6 10. Be3 Ne7 11. Nd2 0-0 12. Nc4 Nc8 13. Na5 c5 14. c4 f5 15. exf5 Rxf5 16. Kg2 Rb8 17. Rd2 Ne7 18. Nb3 Ng6 19. Nxc5 Nh4+ 20. Kf1 Nxf3 21. Rc2 Nxh2+ 22. Ke2 Ng4 23. Ne4 Nxe3 24. fxe3 Rh5 25. Rf1 Rh4 26. Kd3 Rd8 27. Nxd6 Rxd6+ 28. Kc3 Rh3 29. Rcf2 Rxe3+ 30. Kb4 h6 31. Kc5 Re4 32. Rf7 Rdd4 33. Rf8+ Kh7 34. b3 Rf4 35. R1xf4 Rxf4 36. Re8 Rf5 37. Kc6 g5 38. Re7+ Kg6 39. Rxc7 g4 40. Kd5 g3 41. Rc8 Kh5 0-1

[Event "Torun O Pietruszke"]
[Site "Torun"]
[Date "2006.05.26"]
[Round "1"]
[White "Wierzbicki, Slawomir"]
[Black "Grochowalski, Pawel"]
[Result "0-1"]
[WhiteElo "1969"]
[BlackElo "2138"]
[PlyCount "64"]
[EventDate "2006.05.26"]
[EventType "tourn"]
[EventRounds "9"]
[EventCountry "POL"]
[SourceTitle "EXT 2007"]
[Source "ChessBase"]
[SourceDate "2006.11.23"]
[SourceVersion "1"]
[SourceVersionDate "2006.11.23"]
[SourceQuality "1"]

1. e4 c5 2. Nf3 d6 3. d4 cxd4 4. Nxd4 Nf6 5. Nc3 Nc6 6. Bc4 Qb6 7. Nb3 Bg4 8. Be2 Bxe2 9. Qxe2 e6 10. Be3 Qc7 11. g4 Be7 12. g5 Nd7 13. 0-0-0 a6 14. f4 Na5 15. Bd4 0-0 16. Rhg1 Rfe8 17. Rg3 b5 18. f5 b4 19. Qh5 bxc3 20. Rxc3 Nxb3+ 21. axb3 Qa5 22. Bxg7 Kxg7 23. f6+ Kg8 24. fxe7 Rxe7 25. Rh3 Nf8 26. c3 Qe5 27. Qh4 Rb7 28. Rhd3 Rxb3 29. Rxd6 Rxc3+ 30. bxc3 Qxc3+ 31. Kb1 Rb8+ 32. Ka2 Qb2# 0-1

[Event "Wloclawek Weekend Classic 1st"]
[Site "Wloclawek"]
[Date "2006.??.??"]
[Round "4"]
[White "Wierzbicki, Slawomir"]
[Black "Leszczynska, Jolanta"]
[Result "0-1"]
[WhiteElo "1982"]
[BlackElo "2085"]
[PlyCount "102"]
[EventDate "2006.08.??"]
[EventType "swiss"]
[EventRounds "5"]
[EventCountry "POL"]
[SourceTitle "EXT 2007"]
[Source "ChessBase"]
[SourceDate "2006.11.23"]
[SourceVersion "1"]
[SourceVersionDate "2006.11.23"]
[SourceQuality "1"]

1. e4 e6 2. d4 b6 3. Nf3 Bb7 4. Nc3 Bb4 5. Bd3 Nf6 6. Qe2 d5 7. exd5 Nxd5 8. Bd2 Nxc3 9. bxc3 Be7 10. 0-0 0-0 11. Rfe1 c5 12. dxc5 bxc5 13. Rab1 Qc8 14. Ng5 Bxg5 15. Bxg5 Nd7 16. Qh5 f5 17. Rxe6 Nf6 18. Bxf6 Qxe6 19. Bxf5 Qxf5 20. Qxf5 Rxf6 21. Qxc5 Bc6 22. Qe5 Re8 23. Rb8 Rff8 24. Rxe8 Rxe8 25. Qxe8+ Bxe8 26. f4 Ba4 27. Kf2 Bxc2 28. g4 Kf7 29. Ke3 Bd1 30. h3 h5 31. gxh5 Bxh5 32. Ke4 Ke6 33. f5+ Kf6 34. c4 Be8 35. c5 Bc6+ 36. Kf4 a5 37. h4 a4 38. a3 Bd7 39. Ke4 Bc6+ 40. Kf4 Bd7 41. Ke4 Bxf5+ 42. Kd5 Kg6 43. c6 Kh5 44. Ke5 Bh3 45. Kf4 Kxh4 46. Kf3 g5 47. Kf2 Kg4 48. Kg1 Kf4 49. Kf2 Be6 50. Kg2 g4 51. Kf2 Ke4 0-1

[Event "Wloclawek Weekend Classic 1st"]
[Site "Wloclawek"]
[Date "2006.??.??"]
[Round "1"]
[White "Wierzbicki, Slawomir"]
[Black "Leszczynski, Krzysztof"]
[Result "1-0"]
[WhiteElo "1982"]
[BlackElo "2144"]
[PlyCount "79"]
[EventDate "2006.08.??"]
[EventType "swiss"]
[EventRounds "5"]
[EventCountry "POL"]
[SourceTitle "EXT 2007"]
[Source "ChessBase"]
[SourceDate "2006.11.23"]
[SourceVersion "1"]
[SourceVersionDate "2006.11.23"]
[SourceQuality "1"]

1. e4 c5 2. Nf3 Nc6 3. c3 Nf6 4. e5 Nd5 5. Be2 d6 6. d4 cxd4 7. cxd4 e6 8. 0-0 Be7 9. Nbd2 dxe5 10. dxe5 0-0 11. Re1 Nf4 12. Bf1 Nd3 13. Re3 Nxf2 14. Kxf2 Bc5 15. Qe2 Bxe3+ 16. Qxe3 Nb4 17. Qe4 Qb6+ 18. Kg3 f5 19. Qh4 Nc2 20. Nc4 Qa6 21. Ne3 Qc6 22. Nxc2 Qxc2 23. Bf4 Bd7 24. Rc1 Qxb2 25. Rc7 Rad8 26. Bc4 Qb6 27. Ng5 h6 28. Nxe6 Bxe6 29. Qe7 Rd3+ 30. Bxd3 Rf7 31. Qe8+ Rf8 32. Qxe6+ Qxe6 33. Bc4 Qxc4 34. Rxc4 g5 35. Bd2 Rd8 36. Bb4 Rd3+ 37. Kf2 Kf7 38. Ke2 Rd5 39. Rc7+ Kg6 40. Bc3 1-0

[Event "Solec Kuj-ch Seniors"]
[Site "Solec Kuj"]
[Date "2003.??.??"]
[Round "1"]
[White "Bugalski, Lukasz"]
[Black "Wierzbicki, Slawomir"]
[Result "0-1"]
[WhiteElo "2015"]
[BlackElo "1800"]
[PlyCount "78"]
[EventDate "2003.??.??"]
[EventType "swiss"]
[EventRounds "9"]
[EventCountry "POL"]
[SourceTitle "EXT 2007"]
[Source "ChessBase"]
[SourceDate "2006.11.23"]
[SourceVersion "1"]
[SourceVersionDate "2006.11.23"]
[SourceQuality "1"]

1. d4 Nf6 2. c4 e6 3. Nf3 c5 4. Nc3 cxd4 5. Nxd4 Nc6 6. Ndb5 Bb4 7. Nd6+ Ke7 8. Nxc8+ Rxc8 9. Bd2 d5 10. cxd5 Nxd5 11. Nxd5+ Qxd5 12. Bxb4+ Nxb4 13. Qxd5 Nxd5 14. a3 Rc2 15. Rb1 Rhc8 16. g3 b6 17. Bg2 Nf6 18. h4 Rd8 19. Bf3 Rdd2 20. b3 e5 21. Rd1 Rxd1+ 22. Kxd1 Ra2 23. Kc1 e4 24. Kb1 Rxa3 25. Kb2 Ra5 26. Bg2 Rd5 27. Kc2 a5 28. f3 e3 29. Rd1 Rxd1 30. Kxd1 Kd6 31. Kc2 Kc5 32. f4 Kd4 33. Bf3 h5 34. Kb2 g6 35. Kc2 Ne4 36. g4 hxg4 37. Bxg4 f5 38. Bf3 Ng3 39. Bc6 Nh5 0-1